000 00349nam a22001337a 4500
020 _a0-86531-353-9
082 _a954.91 BUR'P
100 _aBURKI, SHAHID JAVED
_92782
245 _aPAKISTAN , A NATION IN THE MAKING
260 _aPAKISTAN
_bOXFORD UNIVERSITY PRESS
_c1986
300 _aXIII, 226P
650 _aPAKISTAN HISTORY
_97198
942 _cBK
999 _c573748
_d573748